000 003870000a22001450004500
001 004324
003 MACL
040 _aMACL
090 _c16317
_d16316
100 _aShastri, J.L.
245 _aAncient IndianTradition & Mythology Volume 8 Part 1
_bThe Bhagavata Purana Part 2
_cJ.L. Shastri
260 _aMotilal Banarsidass Publishers,
_c2002
650 _aReligion
942 _k295
_cBook
999 _c16215
_d16215